| 000 | 00705nam a2200241Ia 4500 | ||
|---|---|---|---|
| 003 | GCL | ||
| 008 | 140319s9999 xx 000 0 ara d | ||
| 040 |
_aGCL / _cGCL |
||
| 082 | 0 | 4 |
_a193 _bع ت |
| 100 | 1 | _aعبدالفتاح الديدى | |
| 245 | 1 | 0 |
_aالتربية عند هيجل / _cعبدالفتاح الديدى |
| 700 | 1 | _aعصام الدين هلال | |
| 260 |
_a[S.N] : _bدار المعرفة الجامعية ، _c1993 |
||
| 300 | _a139 | ||
| 490 | _a | ||
| 650 | 0 | 4 | _aالفلسفة |
| 650 | 0 | 4 | _aالتربية |
| 650 | 0 | 4 | _aهيجل |
| 650 | 0 | 4 | _aالفلاسفة |
| 650 | 0 | 4 | _aالفلسفة الغربية |
| 650 | 0 | 4 | _aالفلاسفة الالمان |
| 942 |
_2ddc _cBK |
||
| 999 |
_c28631 _d28631 |
||